<?xml version="1.0" encoding="UTF-8"?>
<record
    xmlns:xsi="http://www.w3.org/2001/XMLSchema-instance"
    xsi:schemaLocation="http://www.loc.gov/MARC21/slim http://www.loc.gov/standards/marcxml/schema/MARC21slim.xsd"
    xmlns="http://www.loc.gov/MARC21/slim">

  <leader>01114nam0a2200313 i 4500</leader>
  <controlfield tag="001">RU\NLR\bibl\2045641</controlfield>
  <controlfield tag="005">20241104170642.0</controlfield>
  <datafield tag="010" ind1=" " ind2=" ">
    <subfield code="a">9785995505297</subfield>
    <subfield code="9">2500</subfield>
  </datafield>
  <datafield tag="021" ind1=" " ind2=" ">
    <subfield code="a">RU</subfield>
    <subfield code="b">2013-28879</subfield>
    <subfield code="9">215&#x434;/13</subfield>
  </datafield>
  <datafield tag="035" ind1=" " ind2=" ">
    <subfield code="a">(NLR Aleph) 002032815</subfield>
  </datafield>
  <datafield tag="090" ind1=" " ind2=" ">
    <subfield code="a">4558727</subfield>
    <subfield code="c">4558727</subfield>
  </datafield>
  <datafield tag="100" ind1=" " ind2=" ">
    <subfield code="a">20130620d2013    u  y0rusy50      ca</subfield>
  </datafield>
  <datafield tag="101" ind1="0" ind2=" ">
    <subfield code="a">rus</subfield>
  </datafield>
  <datafield tag="102" ind1=" " ind2=" ">
    <subfield code="a">RU</subfield>
  </datafield>
  <datafield tag="105" ind1=" " ind2=" ">
    <subfield code="a">y   |||||||||</subfield>
  </datafield>
  <datafield tag="200" ind1="1" ind2=" ">
    <subfield code="a">&#x413;&#x435;&#x441;&#x442;&#x430;&#x43F;&#x43E;</subfield>
    <subfield code="e">&#x442;&#x435;&#x440;&#x440;&#x43E;&#x440; &#x431;&#x435;&#x437; &#x433;&#x440;&#x430;&#x43D;&#x438;&#x446;</subfield>
    <subfield code="f">&#x42E;&#x440;&#x438;&#x439; &#x411;&#x435;&#x43C;</subfield>
  </datafield>
  <datafield tag="210" ind1=" " ind2=" ">
    <subfield code="a">&#x41C;&#x43E;&#x441;&#x43A;&#x432;&#x430;</subfield>
    <subfield code="c">&#x42F;&#x443;&#x437;&#x430;-&#x41F;&#x440;&#x435;&#x441;&#x441;</subfield>
    <subfield code="d">2013</subfield>
  </datafield>
  <datafield tag="215" ind1=" " ind2=" ">
    <subfield code="a">349, [1] &#x441;.</subfield>
    <subfield code="d">21</subfield>
  </datafield>
  <datafield tag="225" ind1="1" ind2=" ">
    <subfield code="a">&#x421;&#x43F;&#x435;&#x446;&#x43D;&#x430;&#x437; &#x413;&#x438;&#x442;&#x43B;&#x435;&#x440;&#x430;</subfield>
  </datafield>
  <datafield tag="320" ind1=" " ind2=" ">
    <subfield code="a">&#x411;&#x438;&#x431;&#x43B;&#x438;&#x43E;&#x433;&#x440;.: &#x441;. 347-348</subfield>
  </datafield>
  <datafield tag="601" ind1="0" ind2="1">
    <subfield code="a">&#x413;&#x435;&#x440;&#x43C;&#x430;&#x43D;&#x438;&#x44F;</subfield>
    <subfield code="b">&#x422;&#x430;&#x439;&#x43D;&#x430;&#x44F; &#x433;&#x43E;&#x441;&#x443;&#x434;&#x430;&#x440;&#x441;&#x442;&#x432;&#x435;&#x43D;&#x43D;&#x430;&#x44F; &#x43F;&#x43E;&#x43B;&#x438;&#x446;&#x438;&#x44F;</subfield>
    <subfield code="x">&#x418;&#x441;&#x442;&#x43E;&#x440;&#x438;&#x44F;</subfield>
    <subfield code="9">2168039</subfield>
    <subfield code="3">RU\NLR\auth\661304332</subfield>
  </datafield>
  <datafield tag="686" ind1=" " ind2=" ">
    <subfield code="a">&#x426;68,8(4&#x413;)2-221.1&#x433;</subfield>
  </datafield>
  <datafield tag="700" ind1=" " ind2="1">
    <subfield code="a">&#x411;&#x435;&#x43C;</subfield>
    <subfield code="b">&#x42E;. &#x41E;.</subfield>
    <subfield code="g">&#x42E;&#x440;&#x438;&#x439; &#x41E;&#x442;&#x442;&#x43E;&#x432;&#x438;&#x447;</subfield>
    <subfield code="4">070</subfield>
  </datafield>
  <datafield tag="801" ind1=" " ind2="0">
    <subfield code="a">RU</subfield>
    <subfield code="b">NLR</subfield>
    <subfield code="c">20130620</subfield>
    <subfield code="g">RCR</subfield>
  </datafield>
  <datafield tag="801" ind1=" " ind2="1">
    <subfield code="a">RU</subfield>
    <subfield code="b">NLR</subfield>
    <subfield code="c">20130620</subfield>
  </datafield>
  <datafield tag="942" ind1=" " ind2=" ">
    <subfield code="c">BOOK</subfield>
  </datafield>
  <datafield tag="980" ind1=" " ind2=" ">
    <subfield code="a">NBR</subfield>
  </datafield>
</record>
